Statistics for Simpsons MLB softball ringers

Click here to take the quiz!

General Stats

  • This quiz has been taken 141 times
  • The average score is 7 of 9

Answer Stats

Position (Misfortune)Answer% Correct
RF (lefty - lifted for pinch hitter)Darryl Strawberry
83%
CF (nerve tonic - gigantism)Ken Griffey Jr.
83%
P (hypnosis - chicken)Roger Clemens
81%
3B (bar fight)Wade Boggs
80%
1B (sideburns)Don Mattingly
76%
SS (sucked into vortex)Ozzie Smith
72%
2B (wrongful arrest)Steve Sax
72%
LF (fire rescue)Jose Canseco
67%
C (radiation sickness)Mike Scioscia
39%

Score Distribution

Percentile by Number Answered

Percent of People with Each Score

Your Score History

You have not taken this quiz